00611nam a2200181 a 450000100100000000500170001000800410002702000150006804000250008308200130010810000270012124501000014826000360024830000360028449000270032050000550034783000270040200004311820201002040641.0140219s1991 ag ac 000 0 spa d a9507421300 aDO-SdBNPbspacBNPHU axxxbxxx1 aBalán, Jorge,d1940-10aCuéntame tu Vida :buna biografía colectiva del psicoanálisis argentino /cJorge Balán. aBuenos Aires :bPlaneta,c1991. a271 p. :bil., retrs. ;c23 cm.1 aEspejo de la Argentina aIncluye datos biográficos del autor en la solapa 0aEspejo de la Argentina